000 00621cam a2200193 a 4500
001 000001604
005 20200929145632.0
008 780209s1976 enk 001 1 eng
040 _aDO-SdBNP
_bspa
_cBNPHU
082 _a823.08
_bM449s
100 1 _aMaugham, W. Somerset
_q(William Somerset),
_d1874-1965.
_95255
245 1 0 _aCollected short stories /
_cW. Somerset Maugham.
260 _aLondres :
_bPenguin Books,
_c1976-.
300 _av. ;
_c18 cm.
490 1 _aA pequin book
505 0 _av. 4 : Collected short stories
650 4 _aBritánicos
_zPaises Extranjeros
_vNOVELA
_95256
830 0 _aA pequin book
_n6
_95257
999 _c1498
_d1498